Seminar on Watershed Research and Management Practices : Proceedings :

Bibliographic Details
Corporate Author: SEMINAR on Watershed Research and Management Practices
Format: Book
Published: Laguna, Philippines : ASEAN-US Watershed Project , 1988
Subjects:

MARC

LEADER 00000cam a2200000 7i4500
001 0000000879
005 20001019.0
090 0 0 |a 333.91   |b SEM 1988 
110 1 0 |a SEMINAR on Watershed Research and Management Practices   |k 1985   |j Serdang, Selangor 
245 1 0 |a Seminar on Watershed Research and Management Practices :   |b Proceedings :   |b Towards More Effective Watershed Management 
260 0 0 |a Laguna, Philippines :   |b ASEAN-US Watershed Project ,   |c 1988 
300 |a 251 p. :   |b ill., maps ;   |c 23 cm. 
500 0 0 |a Includes bibliographical references 
650 0 0 |a Water resources development   |x Congresses 
650 0 0 |a Water resources development   |x Economic aspects   |x Congresses 
745 0 0 |a Towards more effective watershed management 
999 |a 0000001896   |b Monograph   |c Open Shelf   |e Default branch